000 01575nam a2200445 i 4500
001 20125
003 KOSZ 005
005 20191125081832.0
008 191125s1974 pl a f 000 0 pol
015 _aPB 1974/7238
035 _a991031480869705066
035 _a(PL-WaBN)b18475358-48omnis_nlop
035 _ab18475358
035 _a(OCoLC)749418845
035 _a(PL)b0000001847535
035 _a(EXLNZ-48OMNIS_NETWORK)9910328108605606
040 _aWA N
_cWA N
_dKOSZ 005/RW
046 _k1974
080 _a539.1
100 1 _aAraminowicz, Janusz
_eAutor
245 1 0 _aLaboratorium fizyki jądrowej /
_cJanusz Araminowicz, Krystyna Małuszyńska, Marian Przytuła.
260 _aWarszawa :
_bPaństwowe Wydawnictwo Naukowe,
_c1974.
300 _a236 stron :
_bilustracje, wykresy ;
_c24 cm.
336 _aTekst
_btxt
_2rdacontent
337 _aBez urządzenia pośredniczącego
_bn
_2rdamedia
338 _aWolumin
_bnc
_2rdacarrier
380 _aKsiążki
380 _aPublikacje dydaktyczne
388 _a1901-2000
650 7 _aFizyka jądrowa
_2DBN
655 7 _aPodręcznik
_2DBN
655 7 _aĆwiczenia i zadania dla szkół wyższych
658 _aFizyka i astronomia
700 1 _aMałuszyńska, Krystyna
_eAutor
700 1 _aPrzytuła, Marian
_d(1928-2017)
_eAutor
710 2 _aPaństwowe Wydawnictwo Naukowe
_4pbl
856 _uhttp://koha.tu.koszalin.pl/cgi-bin/koha/opac-detail.pl?biblionumber=20125
_yKatalog online BPK
942 _2UKD
_cKS
999 _c20125
_d20125